[Event "2nd Agzamov Memorial"]
[Site "Tashkent UZB"]
[Date "2008.03.24"]
[Round "5"]
[White "Avliyakulov,M"]
[Black "Zubarev,Al1"]
[Result "0-1"]
[WhiteElo "2115"]
[BlackElo "2491"]

1.e4 c5 2.Nf3 e6 3.d4 cxd4 4.Nxd4 a6 5.Nc3 Ne7 6.Be3 Nbc6 7.Nb3 Ng6 8.a3 Qc7
9.Qd2 b5 10.Be2 Nce5 11.Qd4 Nc6 12.Qd2 Be7 13.O-O O-O 14.f4 d6 15.Bd3 Bd7
16.Qf2 Bh4 17.Qf3 Bf6 18.Qh5 b4 19.axb4 Nxb4 20.Nd4 Rab8 21.Nde2 Nxd3 22.cxd3 Rxb2
23.Rac1 Qb7 24.Rf3 Rc8 25.f5 exf5 26.exf5 Ne5 27.Rg3 g6 28.Ne4 Bg7 29.Qh4 Rxe2
30.Rxc8+ Qxc8 31.h3 Bxf5 32.Nxd6 Qd7 33.Nxf5 Qxf5 34.Qd8+ Bf8  0-1

[Event "Victor Ciocaltea mem"]
[Site "Bucharest ROM"]
[Date "2008.03.25"]
[Round "11"]
[White "Murariu,A"]
[Black "Jianu,V"]
[Result "0-1"]
[WhiteElo "2483"]
[BlackElo "2530"]

1.e4 c5 2.Nc3 e6 3.Nf3 a6 4.d4 cxd4 5.Nxd4 Qc7 6.Bd3 Nf6 7.O-O b5 8.Qe2 d6
9.Bd2 Bb7 10.Rae1 Nbd7 11.a3 Ne5 12.Kh1 Nxd3 13.cxd3 g6 14.f4 Bg7 15.e5 dxe5
16.fxe5 Nd7 17.Ndxb5 axb5 18.Nxb5 Qxe5 19.Qf2 Qxb5 20.Qxf7+ Kd8 21.Qxg7 Re8
22.h4 Ra4 23.Bg5+ Kc7 24.b4 Qd5 25.Rf2 Rxa3 26.Qf7 Rf8 27.Bf4+ Kd8 28.Bg5+ Kc7
29.Bf4+ Kd8 30.Bg5+ Kc8 31.Qe7 Kc7 32.b5 Rxd3 33.Rxe6 Rh3+ 34.Kg1 Qd1+ 35.Re1 Qd4
36.b6+ Qxb6 37.Be3 Rxe3 38.Qxe3 Qxe3 39.Rxe3 Rxf2 40.Kxf2 Kd6 41.g4 h6 42.Kg3 Nf6
43.g5 hxg5 44.hxg5 Ne4+ 45.Kf4 Nc5 46.Kg3 Be4 47.Ra3 Ne6 48.Ra6+ Ke5 49.Ra5+ Kd4
50.Kg4 Nc5 51.Ra1 Bf5+ 52.Kg3 Nd3 53.Ra4+ Ke3 54.Ra3 Be6 55.Ra8 Nc5 56.Ra3+ Kd4
57.Ra5 Bd7 58.Ra1 Bf5 59.Ra5 Bd3 60.Kf3 Bc4 61.Kg3 Ne6 62.Kh4 Be2 63.Ra7 Ke5
64.Rf7 Bd3 65.Rf2 Nd4 66.Kg4 Ke4 67.Ra2 Be2+ 68.Kg3 Nf5+ 69.Kf2 Bd3 70.Ra4+ Ke5
71.Kf3 Bc2 72.Ra5+ Kd4 73.Ra8  0-1

[Event "FKB ch-USA Qualifier"]
[Site "Tulsa USA"]
[Date "2008.03.28"]
[Round "2"]
[White "Ludwig,D"]
[Black "Coleman,M"]
[Result "1-0"]
[WhiteElo "2357"]
[BlackElo "2209"]

1.e4 c5 2.Nf3 e6 3.d4 cxd4 4.Nxd4 a6 5.Nc3 Qc7 6.Be2 Nf6 7.O-O Be7 8.Be3 d6
9.a4 Nc6 10.f4 O-O 11.Kh1 Bd7 12.Nb3 Na5 13.Nd2 Rfc8 14.Bd3 Be8 15.Qe2 Nd7
16.Nf3 Bf6 17.e5 dxe5 18.f5 Nc4 19.fxe6 fxe6 20.Bc1 Nd6 21.Ng5 Nf8 22.Qg4 Bxg5
23.Bxg5 Nf5 24.Rad1 Bg6 25.Ne4 Nd7 26.b4 a5 27.Rb1 Rf8 28.bxa5 Rxa5 29.Bd2 Raa8
30.a5 Nf6 31.Nxf6+ Rxf6 32.Qb4 Nd6 33.Rfe1 e4 34.Be2 Raf8 35.Bc3 Rf5 36.Bg4 Rc5
37.Bxe6+ Kh8 38.Bd4 Rb5 39.Qd2 Rh5 40.Bb6 Qe7 41.Bg4 Rh4 42.Bc5 Rd8 43.Bh3 Qe5
44.Bd4 Qh5 45.Bb6 e3 46.Rxe3 Rd7 47.Rf1 h6 48.Rf8+ Kh7 49.Bxd7 Rxh2+ 50.Kg1 Ne4
51.Rxe4 Bxe4 52.Bh3 Rxh3 53.gxh3 Qxh3 54.Rf4 Qg3+ 55.Kf1  1-0

[Event "FKB ch-USA Qualifier"]
[Site "Tulsa USA"]
[Date "2008.03.28"]
[Round "2"]
[White "Pruess,D"]
[Black "Chua,A"]
[Result "1-0"]
[WhiteElo "2431"]
[BlackElo "2279"]

1.e4 c5 2.Nf3 e6 3.d4 cxd4 4.Nxd4 a6 5.Nc3 Qc7 6.Be3 Bb4 7.Qd3 Nf6 8.O-O-O Bxc3
9.bxc3 d5 10.exd5 Nxd5 11.Bd2 b5 12.c4 bxc4 13.Qxc4 Qxc4 14.Bxc4 Bb7 15.Rhe1 O-O
16.f4 Nd7 17.f5 exf5 18.Nxf5 N5b6 19.Bb4 Rfb8 20.Re7 Nxc4 21.Rdxd7 Bc6 22.Rxf7 Bxd7
23.Rxg7+ Kh8 24.Bc3 h5 25.Nh6  1-0

[Event "Spring Festival"]
[Site "Budapest HUN"]
[Date "2008.03.29"]
[Round "9"]
[White "Bodrogi,L"]
[Black "Amstadt,A"]
[Result "1-0"]
[WhiteElo "2114"]
[BlackElo "2021"]

1.e4 c5 2.Nf3 e6 3.d4 cxd4 4.Nxd4 a6 5.Nc3 Qc7 6.g3 b5 7.Bg2 Bb7 8.O-O d6
9.Re1 Nf6 10.a4 b4 11.Nd5 Nxd5 12.exd5 e5 13.Bd2 a5 14.c3 bxc3 15.Bxc3 Be7
16.Nf5 O-O 17.Rc1 Qd7 18.Nxe7+ Qxe7 19.Bxe5 Qd7 20.Bc3 Qd8 21.Qd4 f6 22.Bh3 Na6
23.Be6+ Kh8 24.Qh4 Bc8 25.Bd4 Nb4 26.Qe4 Ba6 27.Rc3 Qe8 28.g4 Bb7 29.Rh3 g6
30.g5 Kg7 31.Rxh7+ Kxh7 32.Qh4+  1-0

[Event "3rd Open"]
[Site "Kolkata IND"]
[Date "2008.03.29"]
[Round "6"]
[White "Saptarshi,R"]
[Black "Neelotpal,D"]
[Result "1-0"]
[WhiteElo "2404"]
[BlackElo "2486"]

1.e4 c5 2.Nf3 e6 3.d4 cxd4 4.Nxd4 a6 5.Nc3 Qc7 6.g3 Bb4 7.Ne2 Nf6 8.Bg2 Nc6
9.O-O O-O 10.Bf4 Qb6 11.Na4 Qa5 12.c3 Be7 13.b4 Qd8 14.Bd6 Bxd6 15.Qxd6 Ne8
16.Qc5 d6 17.Qb6 Qe7 18.Rad1 Ne5 19.Nb2 Nd7 20.Qd4 e5 21.Qd2 b5 22.a4 Ndf6
23.c4 bxa4 24.Nxa4 Rb8 25.Rb1 Be6 26.c5 dxc5 27.bxc5 Nc7 28.Nec3 Rbd8 29.Qc2 Bc4
30.Rfd1 Rxd1+ 31.Rxd1 Rd8 32.Nb6 Rxd1+ 33.Nxd1 Be6 34.Ne3 Qd8 35.Nbd5 Nb5
36.c6 Ne8 37.Bf1 Nbc7 38.Qc5 Bxd5 39.exd5 g6 40.Qc3 f6 41.Bh3 Nd6 42.Bd7 Ncb5
43.Qc1 Kg7 44.Ng4 g5 45.Ne3 Qb6 46.Nf5+ Nxf5 47.Bxf5 Qc7 48.Bd3 Nd6 49.Bxa6 Qa5
50.Bf1 Qxd5 51.c7 Qb7 52.Bh3 f5 53.Bxf5  1-0

[Event "ITT Cinco Soles"]
[Site "Pinamar ARG"]
[Date "2008.03.29"]
[Round "5"]
[White "Walsh,H"]
[Black "Perdomo,C"]
[Result "0-1"]
[WhiteElo "2135"]
[BlackElo "2351"]

1.e4 c5 2.Nf3 e6 3.d4 cxd4 4.Nxd4 a6 5.Nc3 Qc7 6.Be3 Nf6 7.Be2 Bb4 8.O-O Bxc3
9.bxc3 Nxe4 10.Bd3 Nf6 11.Qf3 d6 12.Qg3 O-O 13.Bg5 Ne8 14.Rae1 e5 15.f4 f6
16.fxe5 dxe5 17.Nf5 Nc6 18.Bc1 Bxf5 19.Bxf5 Nd6 20.Be6+ Kh8 21.Ba3 Rad8 22.Qf2 Rfe8
23.Bd5 Nb5 24.c4 Nxa3 25.Re3 Ne7 26.Rxa3 Nxd5 27.cxd5 Rxd5 28.Kh1 Rc8 29.Rh3 Qxc2
30.Qh4 Rcd8 31.Rhf3 Qg6 32.Rg3 Rd1 33.Qc4 Qc2  0-1

[Event "Sozina Open"]
[Site "Bar MNE"]
[Date "2008.03.30"]
[Round "3"]
[White "Mijovic,S"]
[Black "Panic,Ne"]
[Result "1-0"]
[WhiteElo "2238"]
[BlackElo "2348"]

1.e4 c5 2.Nf3 e6 3.d4 cxd4 4.Nxd4 a6 5.Nc3 Qc7 6.Be2 Nf6 7.O-O Nc6 8.Be3 Be7
9.f4 d6 10.Qe1 O-O 11.Qg3 Nxd4 12.Bxd4 b5 13.a3 Bb7 14.Rae1 Rae8 15.Kh1 Bc6
16.Bd3 Nh5 17.Qg4 g6 18.e5 Ng7 19.Ne4 Bxe4 20.Bxe4 d5 21.Bd3 Bc5 22.Bxc5 Qxc5
23.Rf3 Qe7 24.Rh3 f5 25.Qe2 Rc8 26.Qd2 Rc6 27.Ra1 Rb8 28.Rf3 Qc7 29.c3 a5
30.Rff1 Ne8 31.Rfc1 Qb6 32.h3 Nc7 33.b3 Na6 34.c4 dxc4 35.bxc4 b4 36.axb4 axb4
37.Be2 Nc5 38.Bf3 Rc7 39.Qd6 Rd7 40.Qxb6 Rxb6 41.Ra8+ Kg7 42.Rc8 Nd3 43.c5 Ra6
44.c6 Rda7 45.Rc4 b3 46.c7 b2 47.Rb8 Ra1+ 48.Kh2 Rxc7 49.Rxc7+ Kh6 50.Rbb7  1-0

[Event "TCh-HUN 2007-8"]
[Site "Budapest HUN"]
[Date "2008.03.30"]
[Round "9"]
[White "Remete,E"]
[Black "Schneider,Ve"]
[Result "1/2-1/2"]
[WhiteElo "2128"]
[BlackElo "2247"]

1.e4 c5 2.Nf3 e6 3.d4 cxd4 4.Nxd4 a6 5.Nc3 Qc7 6.Bd3 Nf6 7.Qe2 Bd6 8.Nf3 Nc6
9.Bd2 O-O 10.O-O b5 11.Rae1 Ng4 12.h3 Nge5 13.Nxe5 Nxe5 14.f4 Nxd3 15.cxd3 b4
16.Nd1 a5 17.Kh1 Ba6 18.e5 Bc5 19.Be3 Rac8 20.Qd2 d6 21.Bxc5 dxc5 22.Rf3 Qd7
23.Nf2 Qd5 24.a3 Rb8 25.Ne4 bxa3 26.bxa3 Rb3 27.Qxa5 Bxd3 28.Nxc5 Ra8 29.Qc7 Rc3  1/2-1/2

[Event "Spring Open"]
[Site "Belgrade SCG"]
[Date "2008.03.31"]
[Round "7"]
[White "Martic,I"]
[Black "Jovicic,R"]
[Result "0-1"]
[WhiteElo "2324"]
[BlackElo "2288"]

1.e4 c5 2.Nf3 e6 3.d4 cxd4 4.Nxd4 a6 5.Nc3 Qc7 6.Be2 b5 7.O-O Bb7 8.Bf3 Bd6
9.g3 Be5 10.Bg2 Nc6 11.Nxc6 Bxc6 12.f4 Bxc3 13.bxc3 Nf6 14.f5 Qb6+ 15.Kh1 Nxe4
16.fxe6 dxe6 17.Qg4 f5 18.Qxg7 O-O-O 19.Bf4 h5 20.a4 bxa4 21.Qe5 Rhe8 22.c4 h4
23.c5 Qb7 24.Rfb1 Rd5 25.Rxb7 Rxe5 26.Ra7 Rxc5 27.c4 e5 28.Be3 Rxc4 29.Bf1 Nxg3+
30.Kg1 Nxf1 31.Kxf1 Bb5 32.Ke1 Rc2  0-1

[Event "3rd Open"]
[Site "Kolkata IND"]
[Date "2008.03.31"]
[Round "8"]
[White "Ramesh,R"]
[Black "Ghaem Maghami,E"]
[Result "1/2-1/2"]
[WhiteElo "2473"]
[BlackElo "2589"]

1.e4 c5 2.Nf3 e6 3.d4 cxd4 4.Nxd4 a6 5.Nc3 b5 6.Bd3 Bb7 7.O-O Ne7 8.Re1 Nbc6
9.Nxc6 Bxc6 10.Bf4 b4 11.Ne2 Ng6 12.Be3 Bd6 13.Nd4 Bb7 14.Qh5 Qf6 15.g3 Qe5
16.Qxe5 Nxe5 17.f3 O-O 18.Be2 Rfc8 19.b3 Rc3 20.Bf2 g5 21.Red1 Bc5 22.Kf1 a5
23.Rac1 Rc8  1/2-1/2

[Event "Sozina Open"]
[Site "Bar MNE"]
[Date "2008.04.03"]
[Round "7"]
[White "Stojanovic,Da"]
[Black "Panic,Ne"]
[Result "0-1"]
[WhiteElo "2496"]
[BlackElo "2348"]

1.e4 c5 2.Nf3 e6 3.d4 cxd4 4.Nxd4 a6 5.Nc3 Qc7 6.Bd3 Nc6 7.Be3 Nf6 8.O-O Ne5
9.Nf3 Nfg4 10.Bf4 Bc5 11.Nxe5 Nxe5 12.Kh1 d6 13.Qh5 b5 14.Bg3 O-O 15.f4 Nxd3
16.cxd3 f5 17.Qe2 Bb7 18.Rac1 Qd7 19.Nb1 Rac8 20.Nd2 Bb6 21.Nf3 Rxc1 22.Rxc1 Rc8
23.Rxc8+ Qxc8 24.exf5 Bxf3 25.gxf3 exf5 26.Qe7 Qc1+ 27.Kg2 h6 28.Qxd6 Qxb2+
29.Kh3 Qf6 30.Qd5+ Kh7 31.Bh4 Qf8 32.Qe6 Qc5 33.Be7 Qf2 34.Qxf5+ Kh8 35.Qf8+ Kh7
36.Qf5+ Kh8 37.Qd5 Qf1+ 38.Kg4 Qg2+ 39.Kf5 Kh7 40.Ke6 Qxh2 41.f5 Qb8 42.Qd7 Qg8+
43.Kd6 Qxa2 44.f6 Qf7 45.Qb7 Ba5 46.Qe4+ Kg8 47.Qa8+ Kh7 48.Qe4+  0-1

[Event "GM"]
[Site "Beer Sheva ISR"]
[Date "2008.04.03"]
[Round "7"]
[White "Tseitlin,Ma"]
[Black "Kaplan,S"]
[Result "0-1"]
[WhiteElo "2502"]
[BlackElo "2456"]

1.e4 c5 2.Nf3 e6 3.Nc3 a6 4.d4 cxd4 5.Nxd4 Qc7 6.Be2 Nf6 7.O-O Nc6 8.a4 Be7
9.Be3 O-O 10.f4 d6 11.g4 Nxd4 12.Bxd4 e5 13.Be3 exf4 14.Rxf4 Be6 15.g5 Nd7
16.h4 Ne5 17.Rf2 Nc4 18.Bxc4 Qxc4 19.Nd5 Bxd5 20.Qxd5 Qxd5 21.exd5 f6 22.Ra3 fxg5
23.hxg5 Rxf2 24.Kxf2 Rc8 25.c3 Kf7 26.Rb3 Rc7 27.Rb4 Kg6 28.Rg4 Bd8 29.Ke2 Re7
30.Kd3 Re5 31.c4 Kh5 32.Rg2 Bxg5 33.Bd4 Re7 34.b4 a5 35.bxa5 Kg6 36.c5 dxc5
37.Bxc5 Re5 38.Kc4 Kf5 39.Rf2+ Kg6 40.d6 Rxc5+ 41.Kxc5 Be3+ 42.Kb5 Bxf2 43.d7 Bh4
44.Kb6 Bd8+ 45.Kxb7 Bxa5  0-1

[Event "Gausdal Classics GMB"]
[Site "Gausdal NOR"]
[Date "2008.04.09"]
[Round "2"]
[White "Tofte,S"]
[Black "Hirneise,T"]
[Result "0-1"]
[WhiteElo "2131"]
[BlackElo "2382"]

1.e4 c5 2.Nf3 e6 3.d4 cxd4 4.Nxd4 a6 5.Nc3 Qc7 6.Bd3 Nf6 7.O-O Nc6 8.Be3 Nxd4
9.Bxd4 Bc5 10.Bxc5 Qxc5 11.Qe2 d6 12.Kh1 h5 13.f4 h4 14.e5 dxe5 15.Qxe5 Qxe5
16.fxe5 Nd7 17.Rae1 Rh5 18.Ne4 Rxe5 19.Re2 Ke7 20.Ref2 f6 21.Rf4 Rh5 22.Nd2 Ne5
23.Be2 Rh8 24.Nc4 Nc6 25.Nb6 Rb8 26.Bc4 e5 27.Nd5+ Kd6 28.R4f2 Be6 29.Rd1 Bxd5
30.Bxd5 Rbd8 31.Rfd2 Kc7 32.Bxc6 Rxd2 33.Rxd2 bxc6 34.Kg1 Rd8 35.Re2 Rd1+
36.Kf2 Kd6 37.c3 f5 38.Rc2 e4 39.Ke2 Rb1 40.Ke3 Ke5 41.g3 h3 42.b4 g5 43.Rf2 f4+
44.gxf4+ gxf4+ 45.Rxf4 Re1+ 46.Kd2 Kxf4 47.Kxe1 Ke3 48.c4 Kd4 49.c5 Kc3 50.Kf2 Kd2  0-1

[Event "ch-SRB w"]
[Site "Kac SRB"]
[Date "2008.04.09"]
[Round "11"]
[White "Manakova,M"]
[Black "Mladenovic,J"]
[Result "1-0"]
[WhiteElo "2331"]
[BlackElo "2114"]

1.e4 c5 2.Nf3 e6 3.d4 cxd4 4.Nxd4 a6 5.Nc3 Qc7 6.Be2 Nf6 7.O-O Nc6 8.Kh1 b5
9.Nxc6 dxc6 10.f4 Bb4 11.e5 Bxc3 12.bxc3 Nd5 13.Qe1 O-O 14.c4 Ne7 15.Qf2 f6
16.Ba3 fxe5 17.Qc5 Ng6 18.fxe5 Rxf1+ 19.Rxf1 Bb7 20.Qf2 c5 21.Bxc5 bxc4 22.Bd6 Qd7
23.Bxc4 Rc8 24.Bd3 a5 25.h4 Qc6 26.Qf7+ Kh8 27.Rf2 Qc3 28.Qxb7 Qe1+ 29.Rf1 Qxh4+
30.Kg1 Qd4+ 31.Rf2 Qa1+ 32.Bf1 Rg8 33.c4 Nxe5 34.Qb2 Qxb2 35.Rxb2 Ng4 36.c5  1-0

[Event "TCh-RUS w"]
[Site "Dagomys RUS"]
[Date "2008.04.10"]
[Round "8"]
[White "Xu Yuhua"]
[Black "Muzychuk,M"]
[Result "1/2-1/2"]
[WhiteElo "2500"]
[BlackElo "2387"]

1.e4 c5 2.Nf3 e6 3.d4 cxd4 4.Nxd4 a6 5.Nc3 b5 6.Bd3 Bb7 7.O-O Nc6 8.Nxc6 Bxc6
9.Re1 Bc5 10.a4 b4 11.Nd5 Ne7 12.Nf4 Ng6 13.Qh5 Bd4 14.Ne2 Bf6 15.Qc5  1/2-1/2

[Event "10th Open"]
[Site "Dubai UAE"]
[Date "2008.04.10"]
[Round "5"]
[White "Sadatnajafi,M"]
[Black "Ibrayev,N"]
[Result "1-0"]
[WhiteElo "2288"]
[BlackElo "2507"]

1.e4 c5 2.Nf3 e6 3.d4 cxd4 4.Nxd4 a6 5.Nc3 d6 6.Bc4 Nf6 7.Bb3 b5 8.O-O Bb7
9.Re1 Nbd7 10.a4 b4 11.Nd5 Nc5 12.Bg5 exd5 13.exd5+ Kd7 14.Nc6 Bxc6 15.dxc6+ Kxc6
16.Bd5+ Kb6 17.Bxa8 Qxa8 18.Qd4 Nd5 19.Rad1 Nc7 20.Qxb4+ Ka7 21.Be3 Ne6 22.Qc4 Qc6
23.b4 Qxa4 24.Qd5  1-0

[Event "82nd ch-ARG s/f"]
[Site "Buenos Aires ARG"]
[Date "2008.04.11"]
[Round "1"]
[White "Cuevas,A"]
[Black "Lemos,D"]
[Result "0-1"]
[WhiteElo "2183"]
[BlackElo "2458"]

1.e4 c5 2.Nf3 e6 3.d4 cxd4 4.Nxd4 a6 5.Nc3 Qc7 6.Be2 Nf6 7.O-O Bb4 8.Qd3 Nc6
9.Nxc6 dxc6 10.f4 b5 11.e5 Nd5 12.Ne4 Bb7 13.Qg3 O-O-O 14.c3 Be7 15.Be3 f5
16.Nd6+ Bxd6 17.exd6 Qxd6 18.Bd4 Rhg8 19.Be5 Qc5+ 20.Bd4 Qe7 21.Bf3 g5 22.Bxd5 gxf4
23.Qxf4 Rxd5 24.Ba7 Qd6 25.Qxd6 Rxd6 26.Rfd1 Rgd8 27.Rxd6 Rxd6 28.Be3 c5
29.Kf2 e5 30.g3 Rd3 31.Ke2 c4 32.Rf1 Be4 33.Rf2 Kd7 34.Bd2 Ke6  0-1

[Event "Gausdal Classics GMB"]
[Site "Gausdal NOR"]
[Date "2008.04.11"]
[Round "4"]
[White "Lie,Es"]
[Black "Kveinys,A"]
[Result "1/2-1/2"]
[WhiteElo "2440"]
[BlackElo "2515"]

1.e4 c5 2.Nf3 e6 3.d4 cxd4 4.Nxd4 a6 5.Nc3 Qc7 6.Bd3 Nf6 7.O-O Bc5 8.Nb3 Be7
9.f4 d6 10.a4 Nc6 11.a5 b5 12.axb6 Qxb6+ 13.Kh1 O-O 14.Qe2 Nb4 15.Be3 Qb8
16.Nd4 Bd7 17.g4 g6 18.g5 Nh5 19.f5 Nxd3 20.cxd3 d5 21.fxe6 fxe6 22.exd5 exd5
23.Qg2 Qe5 24.Rxf8+ Bxf8 25.Qxd5+ Qxd5+ 26.Nxd5 Bg7 27.Kg1 Re8 28.Kf2 Rb8
29.b4 Bb5 30.Ra3 Bxd4 31.Bxd4 Rd8 32.Nf6+ Nxf6 33.Bxf6 Rxd3 34.Rxd3  1/2-1/2

[Event "82nd ch-ARG s/f"]
[Site "Buenos Aires ARG"]
[Date "2008.04.12"]
[Round "2"]
[White "Alonso,S"]
[Black "Perez Cascella,J"]
[Result "1-0"]
[WhiteElo "2420"]
[BlackElo "2243"]

1.e4 c5 2.Nf3 e6 3.d4 cxd4 4.Nxd4 a6 5.Nc3 Qc7 6.Be2 Nf6 7.O-O Nc6 8.Kh1 d6
9.f4 Be7 10.Be3 O-O 11.Qe1 Nxd4 12.Bxd4 b5 13.a3 Bb7 14.Qg3 Rfd8 15.Rae1 Bc6
16.Bf3 Qb7 17.Nd5 Ne8 18.Nb4 Rac8 19.c3 Bf8 20.Nxc6 Qxc6 21.e5 Qc7 22.f5 dxe5
23.Bxe5 Bd6 24.fxe6 fxe6 25.Bg4 Qe7 26.Bxe6+ Qxe6 27.Bxd6 Rxd6 28.Rxe6 Rxe6
29.Re1 Rcc6 30.h3 Nf6 31.Rxe6 Rxe6 32.Qb8+ Kf7 33.c4 bxc4 34.Qc7+ Kg6 35.Qxc4 Kf7
36.b4 g5 37.a4 h5 38.b5 axb5 39.axb5  1-0

[Event "Gausdal Classics GMB"]
[Site "Gausdal NOR"]
[Date "2008.04.13"]
[Round "6"]
[White "Kovachev,D"]
[Black "Naslund,M"]
[Result "1/2-1/2"]
[WhiteElo "2189"]
[BlackElo "2228"]

1.e4 c5 2.Nf3 e6 3.d4 cxd4 4.Nxd4 a6 5.Nc3 b5 6.Bd3 Qb6 7.Nb3 Qc7 8.O-O Nf6
9.Be3 Bb7 10.f3 d6 11.a4 b4 12.Ne2 Be7 13.c3 bxc3 14.Nxc3 Nc6 15.Rc1 Qb8
16.Qd2 Ne5 17.Na5 Nxd3 18.Qxd3 O-O 19.b4 d5 20.Nxb7 Qxb7 21.exd5 Rfd8 22.Bc5 Nxd5
23.Qe4 Bxc5+ 24.bxc5 Qa7 25.Qd4 Nxc3 26.Qxc3 Rac8 27.Rfd1 Rxd1+ 28.Rxd1 h6
29.Rc1 Rc6 30.Qd4 Qc7 31.Kh1  1/2-1/2

[Event "ch-NED w"]
[Site "Hilversum NED"]
[Date "2008.04.13"]
[Round "9"]
[White "Muhren,B"]
[Black "Munnik,T"]
[Result "1-0"]
[WhiteElo "2297"]
[BlackElo "2002"]

1.e4 c5 2.Nf3 e6 3.d4 cxd4 4.Nxd4 a6 5.Nc3 Qc7 6.Bd3 Nf6 7.O-O Nc6 8.Be3 b5
9.Qe2 Ne5 10.h3 Bb7 11.f4 Nc4 12.Ndxb5 axb5 13.Nxb5 Qb8 14.Bxc4 Nxe4 15.Bb6 Bd6
16.Qe3 Ba6 17.Nxd6+ Qxd6 18.Bxa6 Rxa6 19.Bd4 Ra4 20.Qxe4 Qxd4+ 21.Qxd4 Rxd4
22.a4 Rd2 23.Rf2 Rd4 24.c3 Rc4 25.Rf3 d5 26.b3 Rc7 27.a5 Kd7 28.Rd3 Kc6 29.Kf2 Rb8
30.Ra3 Kb5 31.f5 Rbb7 32.Ke3 g6 33.fxe6 fxe6 34.Kd2 Rf7 35.Rf3 Ra7 36.Rxf7 Rxf7
37.Ke3 e5 38.Ra1 Ra7 39.Rd1 Rd7 40.Rxd5+  1-0

[Event "82nd ch-ARG s/f"]
[Site "Buenos Aires ARG"]
[Date "2008.04.15"]
[Round "6"]
[White "Felgaer,R"]
[Black "Flores,Di"]
[Result "1/2-1/2"]
[WhiteElo "2574"]
[BlackElo "2548"]

1.e4 c5 2.Nf3 e6 3.d4 cxd4 4.Nxd4 a6 5.Nc3 b5 6.Bd3 Bb7 7.O-O Qc7 8.Re1 Nf6
9.e5 Nd5 10.Nxd5 Bxd5 11.a4 b4 12.Qg4 h5 13.Qh3 Be7 14.Nf3 Nc6 15.Qg3 g6
16.Bg5 h4 17.Bxh4 Bxf3 18.Bxe7 Kxe7 19.Qxf3 Nxe5 20.Qf4 f6 21.Qxb4+ Kf7 22.h3 g5
23.Rad1 g4 24.Rxe5 Qxe5 25.Qxg4 Rag8  1/2-1/2

[Event "ch-Nordic Girls U20"]
[Site "Haraldsheim NOR"]
[Date "2008.04.20"]
[Round "5"]
[White "Hansen,Herb"]
[Black "Finnbogadottir,T"]
[Result "1-0"]
[WhiteElo "1710"]
[BlackElo "1669"]

1.e4 c5 2.Nf3 e6 3.d4 cxd4 4.Nxd4 a6 5.Nc3 Qc7 6.Be2 Nf6 7.Bd2 Bc5 8.Nb3 Ba7
9.Bg5 b5 10.Bd3 Bb7 11.Bxf6 gxf6 12.Qg4 Nc6 13.Qg7 Ke7 14.g3 Ne5 15.f4 Nf3+
16.Kd1 h5 17.e5 Nxe5 18.fxe5 Qxe5 19.Re1 Bf3+ 20.Kd2 Qd6 21.Rf1 Be3+ 22.Kxe3 Qe5+
23.Kxf3 Rag8 24.Qxh8 Rxh8 25.Rae1 Qg5 26.Kg2 h4 27.Rf5 Qg7 28.Rf3 Kd8 29.Nc5 f5
30.Nxa6 Qg4 31.Bxb5 Rg8 32.Rd1 d5 33.Ne2 Ke7 34.Rd4 Qg5 35.c4 e5 36.Rxd5 e4
37.Rfxf5 h3+ 38.Kf1 Qe3 39.Rd7+ Ke6 40.Nd4+ Qxd4 41.Rxd4 Kxf5 42.Bd7+ Ke5
43.Rd5+  1-0

[Event "ch-Odessa Region"]
[Site "Odessa UKR"]
[Date "2008.04.21"]
[Round "6"]
[White "Reshetkov,K"]
[Black "Garifulin,A"]
[Result "1-0"]
[WhiteElo "2124"]
[BlackElo "2307"]

1.e4 e6 2.d4 c5 3.Nf3 cxd4 4.Nxd4 a6 5.Nc3 Qc7 6.Be2 b5 7.O-O Bb7 8.Bf3 d6
9.Re1 Be7 10.Bh5 g6 11.Bg4 Nf6 12.Bxe6 fxe6 13.Nxe6 Qc4 14.Nd5 Bxd5 15.exd5 Ra7
16.Be3 Rb7 17.Bd4 Nbd7 18.Qf3 Rg8 19.Bxf6 Nxf6 20.Rad1 Kd7 21.Nd4 Bd8 22.b3 Qc8
23.Rd3 b4 24.Ne6 h5 25.c4 Re8 26.Rde3 Ng4 27.Qf7+ Be7 28.Nc5+ Kd8 29.Nxb7+ Qxb7
30.Re6 Qd7 31.Qxg6 Ne5 32.Qxh5 Rg8 33.c5 Rg5 34.Qe2 Qc7 35.Qe3 Rh5 36.h3 Rf5
37.f4 Bh4 38.cxd6 Qb7 39.Rxe5  1-0

[Event "II Open"]
[Site "La Laguna ESP"]
[Date "2008.04.22"]
[Round "2"]
[White "Alonso Contreras,M"]
[Black "Barlov,D"]
[Result "0-1"]
[WhiteElo "2032"]
[BlackElo "2475"]

1.e4 c5 2.Nf3 e6 3.d4 cxd4 4.Nxd4 a6 5.Nc3 Qc7 6.Be2 Nc6 7.O-O Nf6 8.Be3 d6
9.a4 Be7 10.Kh1 O-O 11.f4 Bd7 12.Nb3 b6 13.Bf3 Rab8 14.g4 Bc8 15.g5 Nd7 16.Bg2 Re8
17.Qh5 g6 18.Qh3 Nb4 19.Rf2 Bf8 20.Rd1 Nc5 21.f5 exf5 22.Rd4 f4 23.Qh4 fxe3
24.Rxb4 Be6 25.Rf3 Nxb3 26.cxb3 Bg7 27.Rxe3 Qc5 28.Rh3 Bxh3  0-1

[Event "IX EICC"]
[Site "Plovdiv BUL"]
[Date "2008.04.22"]
[Round "2"]
[White "Vedder,H"]
[Black "Lopez Martinez,Josep"]
[Result "0-1"]
[WhiteElo "2371"]
[BlackElo "2576"]

1.e4 c5 2.Nf3 e6 3.Nc3 a6 4.d4 cxd4 5.Nxd4 Qc7 6.Bd3 Bc5 7.Nf3 d6 8.O-O Nf6
9.Bf4 Nbd7 10.Qe2 e5 11.Bd2 O-O 12.a3 Ba7 13.b4 Nb6 14.a4 Be6 15.a5 Nc4 16.Bg5 Nb2
17.Bxf6 Qxc3 18.Be7 Rfc8 19.Bxd6 Nc4 20.Be7 f6 21.Qe1 Qxe1 22.Rfxe1 Kf7 23.Bc5 Bxc5
24.bxc5 Rxc5 25.Bxc4 Rxc4 26.Rab1 Rb8 27.Rb2 Bd7 28.Nd2 Ra4 29.Nb3 Rc8 30.f3 Rc7
31.Rd1 Be6 32.Rd6 Bxb3 33.cxb3 Rxa5 34.Rb6 Rac5 35.Rd2 Ke7 36.Kf2 R5c6 37.Rxc6 Rxc6
38.Ke2 Rc3 39.Rb2 Kd6 40.Kd2 Rc7 41.Ra2 Kc5 42.Kc3 Kb5+ 43.Kb2 Rd7 44.Kc2 Rd4
45.Ra1 a5 46.Kc3 b6 47.Rb1 Ka6 48.h4 h5 49.Ra1 b5 50.Rg1 Rd7 51.g4 b4+ 52.Kc2 hxg4
53.Rxg4 Kb5 54.h5 a4 55.bxa4+ Kxa4 56.Rg1 b3+ 57.Kc3 Rc7+ 58.Kb2 Kb4 59.Rg6 Rd7
60.Rg2 Kc4 61.Rh2 Ra7 62.Kb1 Kc3 63.Rh3 Rd7 64.Rh1 Rd2 65.Rc1+ Rc2 66.Re1 Rb2+
67.Kc1 Rh2  0-1

[Event "IX EICC"]
[Site "Plovdiv BUL"]
[Date "2008.04.22"]
[Round "2"]
[White "Nepomniachtchi,I"]
[Black "Nikolov,M"]
[Result "1/2-1/2"]
[WhiteElo "2634"]
[BlackElo "2488"]

1.e4 c5 2.Nf3 e6 3.d4 cxd4 4.Nxd4 a6 5.Nc3 Qc7 6.Bd3 Nf6 7.O-O b5 8.a3 Bb7
9.Re1 d6 10.Qf3 Nbd7 11.Qg3 Be7 12.Nf3 O-O 13.Bh6 Ne8 14.Rad1 Kh8 15.Bf4 e5
16.Bc1 Nc5 17.Nh4 g6 18.Bh6 Rg8 19.Nf3 Nf6 20.Ng5 Bf8 21.Qh4 Nh5 22.Bxf8 Rgxf8
23.Bf1 f6 24.Nh3 Rad8 25.Rd2 Ng7 26.f3 Nge6 27.Red1 Nd4 28.Qh6 Nce6 29.Rf2 Qg7
30.Qxg7+ Kxg7 31.Rfd2 Kf7 32.Ne2 Ke7 33.Nf2 Nxe2+ 34.Bxe2 f5  1/2-1/2

[Event "IX EICC"]
[Site "Plovdiv BUL"]
[Date "2008.04.23"]
[Round "3"]
[White "Bonev,T"]
[Black "Rigopoulos Tsigkos,A"]
[Result "1/2-1/2"]
[WhiteElo "2285"]
[BlackElo "1980"]

1.e4 c5 2.Nf3 e6 3.d4 cxd4 4.Nxd4 a6 5.Nc3 b5 6.Be2 Bb7 7.Bf3 d6 8.O-O Nd7
9.Re1 Ngf6 10.Bg5 Be7 11.Qe2 Qb6 12.Be3 Qc7 13.a3 Rc8 14.g3 Ne5 15.Bg2 O-O
16.h3 Nc4 17.Bc1 Nd7 18.Nd1 Bf6 19.c3 Na5 20.Rb1 Nb6 21.b3 Bxd4 22.cxd4 Nxb3
23.Be3 Na5 24.Nb2 Nac4 25.Rec1 d5 26.Nd3 Nd7 27.Bf4 Qb6 28.a4 Qxd4 29.axb5 dxe4
30.Nb4 Bd5 31.bxa6 Nc5 32.Rd1 Nd3 33.Nxd3 exd3 34.Rxd3 Qc5 35.Rc1 Bxg2 36.Bd6 Qc6
37.Bxf8 Bxh3 38.f3 Rxf8 39.Rdc3 Qc5+ 40.Kh2 Qh5 41.Qxc4 Bf1+ 42.Qh4 Qxh4+
43.gxh4 Bxa6 44.Kg3 h5 45.Rc5 g6 46.Rc6 Bd3 47.Kf4 Kg7 48.Ke5 Rd8 49.R1c5 Be2
50.f4 Bg4 51.Rc7 Bf5 52.Ra7 Rd1 53.Rb7 Rd2  1/2-1/2

[Event "IX EICC"]
[Site "Plovdiv BUL"]
[Date "2008.04.23"]
[Round "3"]
[White "Berescu,A"]
[Black "Kobalia,M"]
[Result "1-0"]
[WhiteElo "2481"]
[BlackElo "2627"]

1.e4 c5 2.Nf3 e6 3.d4 cxd4 4.Nxd4 a6 5.Nc3 Qc7 6.Bd3 Nf6 7.O-O Bc5 8.Nb3 Be7
9.f4 d6 10.Qe2 Nc6 11.Bd2 b5 12.a3 Bb7 13.Kh1 O-O 14.Rae1 Nd7 15.Nd5 exd5
16.exd5 Nce5 17.Ba5 Qb8 18.fxe5 dxe5 19.Qg4 Nc5 20.Nxc5 Bxc5 21.Bc3 Bd6 22.Bxe5 Bxe5
23.Qe4 f6 24.Qxh7+ Kf7 25.Rxf6+ Kxf6 26.Qf5+ Ke7 27.Rxe5+ Kd6 28.Qe6+ Kc7
29.Qe7+  1-0

[Event "IX EICC"]
[Site "Plovdiv BUL"]
[Date "2008.04.24"]
[Round "4"]
[White "Zhigalko,A"]
[Black "Roiz,M"]
[Result "1/2-1/2"]
[WhiteElo "2545"]
[BlackElo "2659"]

1.e4 c5 2.Nf3 e6 3.d4 cxd4 4.Nxd4 a6 5.Nc3 b5 6.Bd3 Bb7 7.O-O Nc6 8.Nxc6 Bxc6
9.Qe2 Qb8 10.Bd2 Nf6 11.e5 Nd5 12.Nxd5 Bxd5 13.a4 bxa4 14.Rfb1 Bc6 15.b3 Bc5
16.bxa4 Qc7 17.Bb4 Bxb4 18.Rxb4 O-O  1/2-1/2

[Event "IX EICC"]
[Site "Plovdiv BUL"]
[Date "2008.04.24"]
[Round "4"]
[White "Szabo,Krisz1"]
[Black "Monev,A"]
[Result "1/2-1/2"]
[WhiteElo "2507"]
[BlackElo "2038"]

1.e4 c5 2.Nf3 e6 3.d4 cxd4 4.Nxd4 a6 5.Nc3 Qc7 6.Bd3 Nf6 7.O-O d6 8.f4 Be7
9.Kh1 Nc6 10.Nf3 O-O 11.Qe1 Nb4 12.e5 Nxd3 13.cxd3 Nd7 14.Bd2 b5 15.Rc1 Qb8
16.d4 Bb7 17.Ne4 Bxe4 18.Qxe4 dxe5 19.fxe5 Nb6 20.Qg4 Kh8 21.Rce1 Nd5 22.Bg5 Qd8
23.Qh5 f5 24.exf6 Bxf6 25.Qg4 Rc8 26.Bxf6 Rxf6 27.Ng5 Qf8 28.Rxf6 Nxf6 29.Qe2 Re8
30.Rf1 Qe7 31.Qe5 h6 32.Nf3 Nd5 33.Rc1 Qd7 34.Nh4 Qf7 35.Kg1 Rf8 36.Qg3 Nf4
37.Qxf4 Qxf4 38.Ng6+ Kg8 39.Nxf4 Rxf4 40.Rd1 Kf7 41.g3 Rf5 42.Kg2 Ke7 43.Rd3 b4
44.g4 Rf4 45.Kg3 g5 46.d5  1/2-1/2

[Event "IX EICC"]
[Site "Plovdiv BUL"]
[Date "2008.04.25"]
[Round "5"]
[White "Georgiadis,I"]
[Black "Stefansson,H"]
[Result "0-1"]
[WhiteElo "2394"]
[BlackElo "2583"]

1.e4 c5 2.Nf3 e6 3.d4 cxd4 4.Nxd4 a6 5.Nc3 b5 6.Bd3 d6 7.O-O Nf6 8.Qe2 Be7
9.a4 b4 10.Na2 e5 11.Nf5 Bxf5 12.exf5 a5 13.Bb5+ Nbd7 14.Bg5 O-O 15.c3 bxc3
16.Nxc3 Nc5 17.Rad1 Rc8 18.f4 e4 19.Bxf6 Bxf6 20.Nd5 h6 21.Kh1 Kh8 22.g4 g6
23.g5 hxg5 24.fxg5 Bxg5 25.f6 Kh7 26.Qg4 Bh6 27.Qh3 Ne6 28.Rfe1 Ng5 29.Qg2 Rc5
30.h4 Ne6 31.Qxe4 Rxd5 32.Rxd5 Qxf6 33.Rxd6 Bf4 34.Kg2 Bxd6  0-1